00311nam a2200109Ia 4500008004100000041000800041100001900049245005500068260003400123300000800157700003600165250110s9999 xx 000 0 und d aeng aBabar Priyanka aCorporate Headquarters For Solar Kirloskar Company bFinal year B Arch, Punec2012 a95p aGuide Name:Sahastrabuddhe Swati